Detalles MARC
| 000 -LEADER |
| fixed length control field |
01300nam a2200313 a 4500 |
| 005 - FECHA ULTIMA MODIFICACION |
| control field |
20240507093026.0 |
| 008 - CAMPO DE CONTROL (LIBRO) |
| fixed length control field |
100309t1993||||cl f01 s sp spa |
| 020 ## - INTERNATIONAL STANDARD BOOK NUMBER |
| ISBN |
9561403299 |
| 041 ## - CODIGO DE IDIOMA |
| Código de idioma del texto/pista de sonido o título separado |
spa |
| 092 ## - SIGNATURA TOPOGRAFICA DEWEY LOCAL |
| número de clasificación |
174 |
| libristica |
47 |
| sección |
LAV |
| 100 1# - ENTRADA PRINCIPAL--NOMBRE PERSONAL |
| Nombre personal |
Lavados M., Manuel |
| 9 (RLIN) |
3760 |
| 245 ## - TITULO PROPIAMENTE DICHO |
| Título |
Ética clínica. |
| Subtítulo y Título paralelo |
Fundamentos y aplicaciones / |
| Mención de responsabilidad y remanente de la transcripción de la portada |
Manuel Lavados M. |
| 250 ## - MENCION DE EDICION |
| Mención de edición |
1a ed. |
| 260 ## - PIE DE IMPRENTA |
| Lugar de publicación, distribución, etc |
Chile: |
| Nombre de la editorial, distribuidor, etc |
Ediciones Universidad Católica de Chile; |
| Fecha de publicación |
1993. |
| 300 ## - DESCRIPCION FISICA |
| Extension |
354 p. |
| 500 ## - NOTA GENERAL |
| Nota general |
Lavados M., M. y Serani M., A. (1993). Ética clínica. Fundamentos y aplicaciones. (1a ed.). Chile : Ediciones Universidad Católica de Chile. |
| 653 ## - TÉRMINO INDIZADO - PALABRAS CLAVES |
| Palabra clave |
Etica clínica: su objetivo, metodo y naturaleza |
| 653 ## - TÉRMINO INDIZADO - PALABRAS CLAVES |
| Palabra clave |
Aspectos éticos de la relación médico-paciente |
| 653 ## - TÉRMINO INDIZADO - PALABRAS CLAVES |
| Palabra clave |
Suspensión y limitación de tratamientos |
| 653 ## - TÉRMINO INDIZADO - PALABRAS CLAVES |
| Palabra clave |
Etica de la investigación clínica |
| 653 ## - TÉRMINO INDIZADO - PALABRAS CLAVES |
| Palabra clave |
Criterios de muerte del individuo |
| 653 ## - TÉRMINO INDIZADO - PALABRAS CLAVES |
| Palabra clave |
Aspectos éticos en el inicio de la vida humana |
| 653 ## - TÉRMINO INDIZADO - PALABRAS CLAVES |
| Palabra clave |
Problemas éticos en la reproducción humana medicamente asistida |
| 653 ## - TÉRMINO INDIZADO - PALABRAS CLAVES |
| Palabra clave |
Problemas éticos de la neonatología y del diagnóstico prenatal |
| 653 ## - TÉRMINO INDIZADO - PALABRAS CLAVES |
| Palabra clave |
Aspectos antropológicos y éticos del SIDA |
| 653 ## - TÉRMINO INDIZADO - PALABRAS CLAVES |
| Palabra clave |
Análisis de casos clínicos |
| 700 1# - ENTRADAS SECUNDARIAS - NOMBRE PERSONAL |
| Nombre personal |
Serani M., Alejandro |
| 9 (RLIN) |
3761 |
| 942 ## - ADDED ENTRY ELEMENTS (KOHA) |
| Source of classification or shelving scheme |
Dewey Decimal Classification |
| Item type |
Libros |